| 000 | 00639nam a22002177a 4500 | ||
|---|---|---|---|
| 999 |
_c5779 _d5779 |
||
| 003 | AR-CdUCM | ||
| 008 | 190313b ||||| |||| 00| 0 spa d | ||
| 040 |
_aMUNICIPALIDAD PROVINCIAL DEL CUSCO _cBIBLIOTECA MUNICIPAL DEL CUSCO |
||
| 082 |
_a869.56 / _bH43 |
||
| 100 |
_aHernández, José A _917168 |
||
| 245 | _aTren / | ||
| 260 |
_aLima : _bEditorial P. E. Hidalgo, |
||
| 300 |
_a23 paginas ; _c20 cm. |
||
| 500 | _aDonación de la familia Nieto. | ||
| 505 | _aContenido :Tren. | ||
| 650 |
_aDiseño y construcción _95650 |
||
| 650 |
_aFerrocarriles _910042 |
||
| 650 |
_aConstrucción _94996 |
||
| 942 |
_2ddc _cLIBROS |
||
| 945 | _arum | ||